000 00618nam a2200217Ia 4500
005 20260429112015.0
008 260429s9999||||xx |||||||||||||| ||und||
020 _a9781032463469
041 _aEnglish
082 _a342.540
_bBIN
100 _aBindal, Amit
245 0 _aFreedom of religion and constitutional law :
_btraversing myth and modernity in India /
_cAmit Bindal
250 _a1st ed.
260 _aNew Delhi :
_bRoutledge,
_c2025.
300 _ax, 191 p.; pbk
650 _a Freedom of religion
650 _a Human rights
650 _a India-Law
650 _aConstitutional law
942 _cTB
999 _c51861
_d51861